<?xml version="1.0" encoding="UTF-8"?>
<collection xmlns="http://www.loc.gov/MARC21/slim">
    <record>
        <controlfield tag="001">76078</controlfield>
        <controlfield tag="005">20190110111045.0</controlfield>
        <datafield tag="024" ind1="7" ind2=" ">
            <subfield code="2">doi</subfield>
            <subfield code="a">10.1177/230748411800600103</subfield>
        </datafield>
        <datafield tag="024" ind1="8" ind2=" ">
            <subfield code="2">sideral</subfield>
            <subfield code="a">109284</subfield>
        </datafield>
        <datafield tag="037" ind1=" " ind2=" ">
            <subfield code="a">ART-2018-109284</subfield>
        </datafield>
        <datafield tag="041" ind1=" " ind2=" ">
            <subfield code="a">spa</subfield>
        </datafield>
        <datafield tag="100" ind1=" " ind2=" ">
            <subfield code="0">(orcid)0000-0002-1964-889X</subfield>
            <subfield code="a">Zavala Arnal, Carmen María</subfield>
            <subfield code="u">Universidad de Zaragoza</subfield>
        </datafield>
        <datafield tag="245" ind1=" " ind2=" ">
            <subfield code="a">La imagen artística en la educación musical:  una reflexión acerca de su uso</subfield>
        </datafield>
        <datafield tag="260" ind1=" " ind2=" ">
            <subfield code="c">2018</subfield>
        </datafield>
        <datafield tag="506" ind1="0" ind2=" ">
            <subfield code="a">Access copy available to the general public</subfield>
            <subfield code="f">Unrestricted</subfield>
        </datafield>
        <datafield tag="520" ind1="3" ind2=" ">
            <subfield code="a">Si bien en muchas ocasiones se han empleado de manera tradicional las imágenes de obras de arte con iconografía musical para ilustrar conceptos musicales, ya sea en libros de texto o a través de soportes audiovisuales e informáticos, es importante reflexionar sobre su utilidad en el ámbito de la didáctica de la música y sobre su adecuada aplicación en los procesos de enseñanza-aprendizaje. Para ello, en este artículo se analiza el empleo de la imagen artística en el ámbito educativo as í como las contribuciones generales de su utilización en la enseñanza musical. Posteriormente, se proponen una serie de aportaciones específicas de la iconografía musical, a través de deter minadas premisas metodológicas que son las que van a garantizar su adecuado uso. De esta forma, se acabará concluyendo que la imagen artística que re presenta elementos musicales se postula como una excelente herramienta para la enseñanza y el aprendizaje musical en los distintos niveles y grados de especialización de la educación musical.</subfield>
        </datafield>
        <datafield tag="540" ind1=" " ind2=" ">
            <subfield code="9">info:eu-repo/semantics/openAccess</subfield>
            <subfield code="a">by-nc-sa</subfield>
            <subfield code="u">http://creativecommons.org/licenses/by-nc-sa/3.0/es/</subfield>
        </datafield>
        <datafield tag="655" ind1=" " ind2="4">
            <subfield code="a">info:eu-repo/semantics/article</subfield>
            <subfield code="v">info:eu-repo/semantics/publishedVersion</subfield>
        </datafield>
        <datafield tag="710" ind1="2" ind2=" ">
            <subfield code="1">3001</subfield>
            <subfield code="2">189</subfield>
            <subfield code="a">Universidad de Zaragoza</subfield>
            <subfield code="b">Dpto. Expres.Music.Plást.Corp.</subfield>
            <subfield code="c">Área Didáctica Expres. Musical</subfield>
        </datafield>
        <datafield tag="773" ind1=" " ind2=" ">
            <subfield code="g">6, 1 (2018), 37-42</subfield>
            <subfield code="p">Rev. int. educ. music.</subfield>
            <subfield code="t">Revista Internacional de Educación Musical</subfield>
            <subfield code="x">2307-4841</subfield>
        </datafield>
        <datafield tag="856" ind1="4" ind2=" ">
            <subfield code="s">4426443</subfield>
            <subfield code="u">http://zaguan.unizar.es/record/76078/files/texto_completo.pdf</subfield>
            <subfield code="y">Versión publicada</subfield>
        </datafield>
        <datafield tag="856" ind1="4" ind2=" ">
            <subfield code="s">93816</subfield>
            <subfield code="u">http://zaguan.unizar.es/record/76078/files/texto_completo.jpg?subformat=icon</subfield>
            <subfield code="x">icon</subfield>
            <subfield code="y">Versión publicada</subfield>
        </datafield>
        <datafield tag="909" ind1="C" ind2="O">
            <subfield code="o">oai:zaguan.unizar.es:76078</subfield>
            <subfield code="p">articulos</subfield>
            <subfield code="p">driver</subfield>
        </datafield>
        <datafield tag="951" ind1=" " ind2=" ">
            <subfield code="a">2019-01-10-10:39:21</subfield>
        </datafield>
        <datafield tag="980" ind1=" " ind2=" ">
            <subfield code="a">ARTICLE</subfield>
        </datafield>
    </record>

    
</collection>